000 01030nam a22003015i 4500
999 _c14583
_d14583
001 20550099
005 20191014103720.0
008 180620s2018 vau 000 0 eng
010 _a 2018948896
020 _a978-1-938548-26-0 (pbk.)
040 _aDLC
_beng
_erda
_cDLC
042 _apcc
082 _22018
_aDC 658.40422
_bM299
100 1 _aMaltzman, Rich.
_940342
245 1 0 _aHow to facilitate productive project planning meetings :
_ba practical guide to ensuring project success /
_cRich Maltzman, Jim Stewart.
260 _aPalmyra, VA :
_bMaven House,
_c2018.
263 _a1811
300 _axiii, 230 pages:
_billustrations ;
_c23 cm
500 _aIncludes index.
650 _aProject management -- Planning.
_940343
650 _aBusiness meetings -- Handbooks, manuals, etc.
_940344
700 _aStewart, Jim
_940345
700 _aKerzner, Harold
_eForeword
_940346
365 _b1,990.00
_cPhp
906 _a0
_bibc
_corignew
_d2
_eepcn
_f20
_gy-gencatlg
942 _2ddc
_cDC